<?xml version="1.0" encoding="UTF-8"?>
<record
    xmlns:xsi="http://www.w3.org/2001/XMLSchema-instance"
    xsi:schemaLocation="http://www.loc.gov/MARC21/slim http://www.loc.gov/standards/marcxml/schema/MARC21slim.xsd"
    xmlns="http://www.loc.gov/MARC21/slim">

  <leader>00549nam a2200145Ia 4500</leader>
  <controlfield tag="008">090124s9999    xx            000 0 und d</controlfield>
  <datafield tag="082" ind1=" " ind2=" ">
    <subfield code="b">133326</subfield>
    <subfield code="a">101715</subfield>
  </datafield>
  <datafield tag="245" ind1=" " ind2=" ">
    <subfield code="a"> &#x915;&#x93E;&#x936;&#x94D;&#x92E;&#x940;&#x930; &#x938;&#x92E;&#x938;&#x94D;&#x92F;&#x93E; &#x906;&#x923;&#x93F; &#x938;&#x92E;&#x93E;&#x927;&#x93E;&#x928;</subfield>
  </datafield>
  <datafield tag="250" ind1=" " ind2=" ">
    <subfield code="a">1</subfield>
  </datafield>
  <datafield tag="260" ind1=" " ind2=" ">
    <subfield code="b">&#x935;&#x948;&#x926;&#x94D;&#x92F; &#x92E;&#x93E;. &#x917;&#x94B;. (&#x92E;&#x93E;&#x927;&#x935; &#x917;&#x94B;&#x935;&#x93F;&#x902;&#x926;)</subfield>
    <subfield code="c">2005</subfield>
  </datafield>
  <datafield tag="300" ind1=" " ind2=" ">
    <subfield code="a">221</subfield>
  </datafield>
  <datafield tag="630" ind1=" " ind2=" ">
    <subfield code="a"> &#x915;&#x93E;&#x936;&#x94D;&#x92E;&#x940;&#x930; &#x938;&#x92E;&#x938;&#x94D;&#x92F;&#x93E; &#x906;&#x923;&#x93F; &#x938;&#x92E;&#x93E;&#x927;&#x93E;&#x928;</subfield>
  </datafield>
  <datafield tag="730" ind1=" " ind2=" ">
    <subfield code="a"> &#x915;&#x93E;&#x936;&#x94D;&#x92E;&#x940;&#x930; &#x938;&#x92E;&#x938;&#x94D;&#x92F;&#x93E; &#x906;&#x923;&#x93F; &#x938;&#x92E;&#x93E;&#x927;&#x93E;&#x928;</subfield>
  </datafield>
  <datafield tag="942" ind1=" " ind2=" ">
    <subfield code="c">BOOK</subfield>
  </datafield>
  <datafield tag="999" ind1=" " ind2=" ">
    <subfield code="c">179541</subfield>
    <subfield code="d">179541</subfield>
  </datafield>
  <datafield tag="952" ind1=" " ind2=" ">
    <subfield code="0">0</subfield>
    <subfield code="1">0</subfield>
    <subfield code="4">0</subfield>
    <subfield code="7">0</subfield>
    <subfield code="a">THNMGS</subfield>
    <subfield code="b">THNMGS</subfield>
    <subfield code="d">0000-00-00</subfield>
    <subfield code="g">250.00</subfield>
    <subfield code="l">0</subfield>
    <subfield code="o">133326</subfield>
    <subfield code="p">THNMGS-133326</subfield>
    <subfield code="r">2009-01-24 00:00:00</subfield>
    <subfield code="v">250.00</subfield>
    <subfield code="w">2009-01-24</subfield>
    <subfield code="y">BOOK</subfield>
  </datafield>
</record>
